000 00655nam a2200217 u 4500
005 20240912063842.0
008 120928s2010 mx r 000 0 spa d
020 _a9786074562330
035 _aUPN01000186871
049 _aI
050 4 _aPQ7798.426 E4.3
_bR6.5
100 1 _aPellegrino, Mariana Inés,
_d1984-
_932704
245 1 0 _aRomeo, Julieta y Vilma /
_cMariana I. Pellegrino ; il. María Paula Ratti.
260 _aMéxico :
_bProgreso,
_c2010.
300 _a[30] p. :
_bil. col.
440 0 _aRehilete
650 4 _aCuentos infantiles argentinos
_97466
650 0 _aAmor en la literatura
_94325
905 _aInfantil
999 _c158974
_d158974